<?xml version="1.0" encoding="UTF-8"?><?xml-stylesheet type="text/xsl" href="static/style.xsl"?><OAI-PMH xmlns="http://www.openarchives.org/OAI/2.0/" xmlns:xsi="http://www.w3.org/2001/XMLSchema-instance" xsi:schemaLocation="http://www.openarchives.org/OAI/2.0/ http://www.openarchives.org/OAI/2.0/OAI-PMH.xsd"><responseDate>2026-06-01T18:40:33Z</responseDate><request verb="GetRecord" identifier="oai:riuma.uma.es:10630/29575" metadataPrefix="marc">https://riuma.uma.es/rest/oai/request</request><GetRecord><record><header><identifier>oai:riuma.uma.es:10630/29575</identifier><datestamp>2026-02-03T11:33:31Z</datestamp><setSpec>com_10630_2254</setSpec><setSpec>col_10630_37953</setSpec></header><metadata><record xmlns="http://www.loc.gov/MARC21/slim" xmlns:dcterms="http://purl.org/dc/terms/" xmlns:doc="http://www.lyncode.com/xoai" xmlns:xsi="http://www.w3.org/2001/XMLSchema-instance" xsi:schemaLocation="http://www.loc.gov/MARC21/slim http://www.loc.gov/standards/marcxml/schema/MARC21slim.xsd">
   <leader>00925njm 22002777a 4500</leader>
   <datafield ind2=" " ind1=" " tag="042">
      <subfield code="a">dc</subfield>
   </datafield>
   <datafield ind2=" " ind1=" " tag="720">
      <subfield code="a">Contreras-de-la-Rosa, Isabel</subfield>
      <subfield code="e">author</subfield>
   </datafield>
   <datafield ind2=" " ind1=" " tag="260">
      <subfield code="c">2020</subfield>
   </datafield>
   <datafield ind2=" " ind1=" " tag="520">
      <subfield code="a">Las garantías financieras son instrumentos flexibles y seguros que permiten obtener financiación con importantes ventajas para todos los implicados. El RDL 5/2005 de 11 de marzo, de reformas urgentes para el impulso a la productividad y para la mejora&#xd;
de la contratación pública vino a regular este mecanismo, a partir de la Directiva 2002/47/CE, de 6 de junio de 2002 sobre  acuerdos de garantía financiera, contemplando específicamente que la constitución de estas garantías pudieran recaer, entre otros, sobre valores negociables. En este estudio queremos centrarnos en uno de los posibles valores negociables objeto de este tipo de garantías, la acción, para profundizar sobre su viabilidad y eficacia analizándola desde una doble perspectiva, la financiera, sujeta a los requisitos y condiciones establecidos en el RDL 2005 y, la societaria, en relación a las peculiaridades que&#xd;
puede presentar como objeto de garantía financiera conforme a la LSC y el TRLMV.</subfield>
   </datafield>
   <datafield ind1="8" ind2=" " tag="024">
      <subfield code="a">Contreras-de-la-Rosa, Isabel. Financial security over shares. Consequences for the company. En: Revista de Derecho Bancario y Bursátil, núm. 157/2020, págs. 89-122</subfield>
   </datafield>
   <datafield ind1="8" ind2=" " tag="024">
      <subfield code="a">0211-6138</subfield>
   </datafield>
   <datafield ind1="8" ind2=" " tag="024">
      <subfield code="a">https://hdl.handle.net/10630/29575</subfield>
   </datafield>
   <datafield tag="653" ind2=" " ind1=" ">
      <subfield code="a">Activos financieros</subfield>
   </datafield>
   <datafield ind2="0" ind1="0" tag="245">
      <subfield code="a">Las acciones como objeto de garantía financiera. Consecuencias de orden societarios</subfield>
   </datafield>
</record>
</metadata></record></GetRecord></OAI-PMH>